Score 0/22 Timer 03:00
2 Plays Today
Separate Word Ladder 4-Letter Word % Correct
Gender with X and Y chromosomesMALE
96.9%
A large body of waterLAKE
96.8%
A building for storing hay or livestockBARN
96.4%
Foghat says it's a slow ride, so ____ it easyTAKE
95.8%
'You ain't ___ nothing yet!'SEEN
95.4%
A marine mammal most common in the ArcticSEAL
94.3%
Having a relatively great heightTALL
94.3%
Money paid to a taxi driverFARE
94.3%
Nirvana believes it Smells ____ ____ Spirit (1st blank)LIKE
94.3%
A mature female horseMARE
93.7%
Connery or Bean of moviedomSEAN
93.6%
Separate Word Ladder 4-Letter Word % Correct
A color which is medium to dark greenish blueTEAL
93.4%
A fictional narrativeTALE
93.2%
Christian hymn, 'Go ____ It on the Mountain'TELL
92.9%
A large bundle prepared for shipping, especially hayBALE
92.1%
Yellow or greenish liquid secreted by the liverBILE
91%
Steppenwolf was ____ to be ____ (1st blank)BORN
90.1%
Nirvana believes it Smells ____ ____ Spirit (2nd blank)TEEN
87.9%
Steppenwolf was ____ to be ____ (2nd blank)WILD
81.1%
A trick or stratagem meant to fool othersWILE
75.2%
Actor Jamie of M*A*S*HFARR
72.5%
Epstein-___ VirusBARR
68.8%

Today's Daily Dose

Remove Ads.
Support Sporcle.
Get the best of Sporcle when you Go Orange. This ad-free experience offers more features, more stats, and more fun while also helping to support Sporcle. Thank you for becoming a member.

You're not logged in!

Compare scores with friends on all Sporcle quizzes.
OR
Log In

Show Comments

Extras

Top Quizzes Today


Score Distribution

Your Account Isn't Verified!

In order to create a playlist on Sporcle, you need to verify the email address you used during registration. Go to your Sporcle Settings to finish the process.

Report this User

Report this user for behavior that violates our Community Guidelines.

Details: